000 01725cam a22004814i 4500
003 PE-LiUPU
005 20250731173551.0
008 150616s r 000 0 d
020 _a0687338700
035 _a(Sirsi) i9780687338702
040 _aPE-LiUPU
_bspa
_cPE-LiUPU
_erda
049 _aPRUA
082 0 4 _a251
_bH71
_221
100 1 _aHolbert, John C.,
_eautor.
245 1 0 _aPreaching Old Testament :
_bProclamation and Narrative in the Hebrew Bible /
_cJohn C. Holbert.
264 1 _aNashville, TN. :
_bAbingdon Press,
_c1991.
300 _a128 páginas ;
_c22 centímetros
336 _atext
_2rdacontent
337 _aunmediated
_2rdamedia
338 _avolume
_2rdacarrier
490 0 _aPreaching & Worship
504 _aBibliografía: páginas 124-128.
505 0 _aA theological reflection on narrative.- Narrative preaching.- Reading the bible's narrative.- A pure narrative sermon: the best laugh of all.- A frame narrtive sermon: God, the moabite widow.- Afterword.
526 _aSEG42
526 _aSEG41
526 _aSEG40
526 _aSEG39
526 _aP94
526 _aP87
526 _aP86
526 _aP85
526 _aP77
526 _aP76
526 _aP35
650 0 4 _aHomilética.
910 _ajck
_bjvq
_cjck
942 _2ddc
_cBOOK
949 _a251 H71
_wDEWEY
_c1
_i43094
_lCCODEBUL1
_mBUL
_r0
_sY
_tBOOK
_u2015-6-16
_xTEOLOGIA
_zUNKNOWN
_0COMPRA
_o.STAFF. Colección General
994 _aC0
_bPEPRU
596 _a1
999 _a251 H71
_wDEWEY
_c61067
_i43094
_f2021-11-10
_g4
_lCCODEBUL1
_mBUL
_r0
_sY
_tBOOK
_u2015-6-16
_xTEOLOGIA
_zUNKNOWN
_0COMPRA
_o.STAFF. Colección General
_d61067
980 _81
_gALBERTO SANCHEZ Responsable de Automatización